[Event "26th EUR-ch"]
[Site "Katowice POL"]
[Date "2026.04.07"]
[Round "1.187"]
[White "Chmiel, Dominika"]
[Black "Niedbala, Bartlomiej"]
[Result "0-1"]
[WhiteElo "1932"]
[BlackElo "2382"]
[EventDate "2026.04.07"]
[PlyCount "70"]

1.e4 c5 2.Nf3 d6 3.d4 cxd4 4.Nxd4 Nf6 5.Nc3 a6 6.Bg5 Nbd7 7.f4 Qc7 8.Qf3 
h6 9.Bh4 g5 10.fxg5 hxg5 11.Bxg5 Qc5 12.Nf5 e6 13.Bxf6 Nxf6 14.Ng3 Nd7 15.
Qf2 Qb4 16.O-O-O Bg7 17.a3 Qa5 18.Na2 Nc5 19.Kb1 Bxb2 20.Bc4 Qxa3 21.Rhf1 
Rf8 22.Qd2 Be5 23.c3 b5 24.Bd3 b4 25.Qb2 Qxb2+ 26.Kxb2 Rb8 27.Rf2 Bd7 28.
Bf1 bxc3+ 29.Kc1 Ba4 30.Re1 Bd4 31.Rf3 Rb2 32.Bc4 Bb3 33.Nxc3 Rc2+ 34.Kb1 
Bxc3 35.Bxb3 Rb2+ 0-1

[Event "26th EUR-ch"]
[Site "Katowice POL"]
[Date "2026.04.07"]
[Round "1.188"]
[White "Kiladze, Luka"]
[Black "Tyshniuk, Roman"]
[Result "1-0"]
[WhiteElo "2380"]
[BlackElo "1931"]
[EventDate "2026.04.07"]
[PlyCount "81"]

1.e4 c5 2.Nf3 e6 3.d3 Nc6 4.g3 Nf6 5.Bg2 d5 6.Qe2 Be7 7.O-O b5 8.c3 a5 9.
a4 b4 10.e5 Nd7 11.c4 Ra6 12.b3 Bb7 13.Bb2 d4 14.Nbd2 g5 15.Ne4 g4 16.Nfd2
Ndxe5 17.f4 gxf3 18.Nxf3 Nxf3+ 19.Qxf3 f5 20.Nf2 O-O 21.Rae1 Qd7 22.Qh5 
Nd8 23.Bxb7 Qxb7 24.Bc1 Bf6 25.Bh6 Qf7 26.Qh3 Bg7 27.Ne4 Qg6 28.Bxg7 Qxg7 
29.Nd2 Nf7 30.Nf3 Ng5 31.Nxg5 Qxg5 32.Re5 Rf6 33.Qg2 Ra7 34.Qc6 Re7 35.
Qxc5 Rh6 36.Qxd4 Qd2 37.Rf2 Qd1+ 38.Kg2 Qh5 39.h4 Rf6 40.Rxa5 Qd1 41.Qxf6 
1-0

[Event "26th EUR-ch"]
[Site "Katowice POL"]
[Date "2026.04.07"]
[Round "1.189"]
[White "Konopka, Jeremie"]
[Black "Kurmann, Oliver"]
[Result "0-1"]
[WhiteElo "1930"]
[BlackElo "2377"]
[EventDate "2026.04.07"]
[PlyCount "72"]

1.e4 c5 2.Nf3 e6 3.d4 cxd4 4.Nxd4 Nf6 5.Bd3 Nc6 6.Nxc6 bxc6 7.c4 e5 8.O-O 
Bc5 9.Nc3 d6 10.h3 a5 11.Bg5 h6 12.Bd2 O-O 13.Qe2 Re8 14.Rac1 Bd4 15.Kh2 
Nd7 16.f4 exf4 17.Bxf4 Nc5 18.Qf3 Ra7 19.Bb1 Be5 20.Bg3 a4 21.Ne2 Bxb2 22.
Rcd1 Be5 23.Nd4 Rc7 24.Nf5 Bxf5 25.Qxf5 Qe7 26.Bxe5 dxe5 27.Bc2 Rb7 28.Rb1
Rxb1 29.Rxb1 g6 30.Qf3 Rd8 31.Qa3 Rd2 32.Bxa4 Qg5 33.Rg1 Qf4+ 34.Kh1 Nxe4 
35.Rb1 Ng3+ 36.Kg1 Qf2+ 0-1

[Event "26th EUR-ch"]
[Site "Katowice POL"]
[Date "2026.04.07"]
[Round "1.190"]
[White "Vagman, Roy"]
[Black "Damaso Tacoronte, Carolina"]
[Result "1/2-1/2"]
[WhiteElo "2377"]
[BlackElo "1918"]
[EventDate "2026.04.07"]
[PlyCount "140"]

1.e4 c6 2.d4 d5 3.e5 Bf5 4.h4 h5 5.c4 e6 6.Nc3 Be7 7.cxd5 exd5 8.g3 Nh6 9.
Be2 Ng4 10.Bd3 Bxd3 11.Qxd3 Qd7 12.Nge2 Na6 13.Nf4 O-O-O 14.a3 f6 15.e6 
Qd6 16.Qe2 Nc7 17.Bd2 g5 18.Ng6 Rhe8 19.hxg5 Nxe6 20.Qd3 fxg5 21.Ne2 Bf6 
22.Bb4 Qd7 23.Kf1 Qf7 24.Qf5 Rd7 25.Rxh5 Ng7 26.Qxg4 Qxg6 27.Rh2 Qd3 28.
Re1 Nf5 29.Kg2 Qe4+ 30.Qxe4 dxe4 31.Rh5 Nxd4 32.Nc3 Nc2 33.Rxe4 Rg8 34.Re6
Bd4 35.Bd6 Rf7 36.Ne4 Ne1+ 37.Kf1 Nd3 38.Ke2 Nxf2 39.Nxg5 Rf5 40.Bf4 Ng4 
41.Re7 Bb6 42.Rhh7 Nf6 43.Rxb7 Rxf4 44.gxf4 Nxh7 45.Rxh7 Re8+ 46.Kd3 Re3+ 
47.Kc4 Re2 48.b4 Rf2 49.Ne6 Rc2+ 50.Kb3 Re2 51.f5 Rf2 52.Rf7 Rf3+ 53.Kb2 
Rf2+ 54.Kb3 Rf3+ 55.Ka4 Re3 56.Rh7 Rf3 57.Rf7 Re3 58.Ng5 Rg3 59.Ne4 Re3 
60.Nd6+ Kd8 61.f6 Rf3 62.Ne4 Bd4 63.Rf8+ Kd7 64.Ra8 Bb2 65.Rxa7+ Kd8 66.
Ka5 Rxa3+ 67.Kb6 Bd4+ 68.Nc5 Rxa7 69.Kxa7 Bxf6 70.Kb7 Bc3 1/2-1/2

[Event "26th EUR-ch"]
[Site "Katowice POL"]
[Date "2026.04.07"]
[Round "1.191"]
[White "Galazka, Aleksander"]
[Black "Nunez Gregoire, Daniel"]
[Result "1/2-1/2"]
[WhiteElo "1913"]
[BlackElo "2375"]
[EventDate "2026.04.07"]
[PlyCount "120"]

1.e4 c5 2.a3 Nc6 3.b4 cxb4 4.axb4 Nxb4 5.d4 d5 6.c3 Nc6 7.exd5 Qxd5 8.Na3 
Bf5 9.Nb5 Rc8 10.Nxa7 Ra8 11.Nb5 Qe4+ 12.Be3 Rxa1 13.Qxa1 Qb1+ 14.Qxb1 
Bxb1 15.Nf3 Nf6 16.Bc4 Na5 17.Be2 Ba2 18.O-O Bc4 19.Bxc4 Nxc4 20.Ra1 Kd7 
21.Ng5 Nd5 22.Nxf7 Rg8 23.Ra8 h6 24.Na3 Ndb6 25.Ra7 Nxa3 26.Rxa3 Kc8 27.
Ne5 g5 28.c4 e6 29.Rb3 Kc7 30.d5 Na4 31.dxe6 Nc5 32.Bxc5 Bxc5 33.Rd3 Re8 
34.Rd7+ Kc8 35.Rd5 Ba7 36.h4 gxh4 37.Nf7 Rxe6 38.Nd6+ Kb8 39.Nb5 Bb6 40.
Rd6 Rxd6 41.Nxd6 Kc7 42.Ne4 Kd7 43.Kh2 Ke6 44.Kh3 Ke5 45.f3 Bd8 46.Nc5 b6 
47.Nd7+ Kf5 48.Nxb6 Bxb6 49.Kxh4 Kg6 50.f4 Bd8+ 51.Kg4 h5+ 52.Kh3 Kf5 53.
g3 Be7 54.c5 Bxc5 55.Kh4 Kg6 56.g4 Bf2+ 57.Kh3 h4 58.Kg2 Bg3 59.Kh3 Kf6 
60.g5+ Kf5 1/2-1/2

[Event "26th EUR-ch"]
[Site "Katowice POL"]
[Date "2026.04.07"]
[Round "1.193"]
[White "Madera, Mateusz"]
[Black "Arat, Ufuk Sezen"]
[Result "0-1"]
[WhiteElo "1902"]
[BlackElo "2372"]
[EventDate "2026.04.07"]
[PlyCount "82"]

1.e4 c5 2.Nf3 d6 3.d4 cxd4 4.Nxd4 Nf6 5.Nc3 a6 6.Be2 e5 7.Nb3 Be6 8.Bg5 
Nbd7 9.h3 Be7 10.O-O Rc8 11.Bd3 O-O 12.Be3 Nb6 13.Qe2 Nc4 14.Bc1 Qc7 15.
Nd2 Nb6 16.Nf3 h6 17.Re1 Rfe8 18.Be3 Nc4 19.Bc1 b5 20.Nd1 d5 21.exd5 Bxd5 
22.Bf5 Rcd8 23.c3 e4 24.Nd4 g6 25.Bxh6 gxf5 26.Nxf5 Qe5 27.Ng7 Bd6 28.g3 
Rf8 29.b3 Kh7 30.Bf4 Qe7 31.Nf5 Qd7 32.bxc4 Bxf4 33.cxd5 Qxf5 34.gxf4 Qxh3
35.f3 Rg8+ 36.Kf2 Rg2+ 37.Ke3 Rxe2+ 38.Kxe2 Rxd5 39.Rf1 Nh5 40.Ne3 Nxf4+ 
41.Ke1 Qg3+ 0-1

[Event "26th EUR-ch"]
[Site "Katowice POL"]
[Date "2026.04.07"]
[Round "1.194"]
[White "Ambartsumian, Tyhran"]
[Black "Frankiv, Oleksandr"]
[Result "1/2-1/2"]
[WhiteElo "2372"]
[BlackElo "1892"]
[EventDate "2026.04.07"]
[PlyCount "100"]

1.e4 g6 2.d4 Bg7 3.Nf3 d5 4.exd5 Qxd5 5.c4 Qd8 6.Nc3 Nh6 7.Be2 c6 8.h3 Nf5
9.d5 cxd5 10.cxd5 O-O 11.O-O Nd7 12.Bf4 Nf6 13.a4 b6 14.Ne5 Bb7 15.Nc6 Qd7
16.Ne5 Qd8 17.Nc6 Qd7 18.Bb5 a6 19.Ne5 Qc8 20.Bc6 Nh5 21.Bh2 Bxe5 22.Bxe5 
Bxc6 23.dxc6 Qxc6 24.Qd5 Qxd5 25.Nxd5 f6 26.Nxb6 Ra7 27.Bh2 Nd4 28.g4 Nf3+
29.Kg2 Nxh2 30.Kxh2 Nf4 31.a5 Rc7 32.b4 Rc3 33.Rfe1 Rxh3+ 34.Kg1 Rb3 35.
Rxe7 Rxb4 36.Ra7 Re8 37.Nd7 Re6 38.Rd1 Ne2+ 39.Kf1 Rxg4 40.Nxf6+ Rxf6 41.
Kxe2 Rf7 42.Rd8+ Kg7 43.Rxf7+ Kxf7 44.Rd7+ Ke6 45.Ra7 Ra4 46.Rxa6+ Kf5 47.
Ra8 Ke4 48.a6 Ra2+ 49.Ke1 Kf3 50.a7 Kg2 1/2-1/2

[Event "26th EUR-ch"]
[Site "Katowice POL"]
[Date "2026.04.07"]
[Round "1.195"]
[White "Spanos, Nomikos"]
[Black "Hulka, Valentyn"]
[Result "0-1"]
[WhiteElo "1885"]
[BlackElo "2372"]
[EventDate "2026.04.07"]
[PlyCount "80"]

1.d4 d5 2.Nc3 Nf6 3.Bf4 c5 4.e3 cxd4 5.exd4 a6 6.Nf3 Nc6 7.Ne5 Bd7 8.Be2 
e6 9.a3 Qb6 10.Nxc6 Bxc6 11.Rb1 Rc8 12.O-O Be7 13.Qd3 O-O 14.Be5 Nd7 15.
Bf4 Qd8 16.Rfe1 b5 17.Qh3 Qb6 18.Bd3 g6 19.Bh6 Rfe8 20.Ne2 a5 21.c3 b4 22.
axb4 axb4 23.Nf4 Bb5 24.Bxb5 Qxb5 25.Nxe6 Bd6 26.Nf4 Nf6 27.Qh4 Ne4 28.
cxb4 Bxb4 29.Re3 Be7 30.Qg4 Qxb2 31.Rf1 Rc1 32.Qe2 Rxf1+ 33.Kxf1 Qa1+ 34.
Qe1 Qxd4 35.Nxd5 Bc5 36.Rxe4 Rxe4 37.Ne3 Qd3+ 38.Kg1 Rb4 39.Nd1 Bf8 40.Bd2
Rb1 0-1

[Event "26th EUR-ch"]
[Site "Katowice POL"]
[Date "2026.04.07"]
[Round "1.196"]
[White "Talu, Mircea"]
[Black "Ivanauskas, Deividas"]
[Result "1-0"]
[WhiteElo "2371"]
[BlackElo "1883"]
[EventDate "2026.04.07"]
[PlyCount "109"]

1.c4 e6 2.d4 d5 3.Nf3 Nf6 4.Nc3 c5 5.cxd5 cxd4 6.Qxd4 exd5 7.e4 dxe4 8.
Qxd8+ Kxd8 9.Ng5 Be6 10.Nxe6+ fxe6 11.Bg5 Bb4 12.O-O-O+ Ke7 13.Nxe4 Nd7 
14.a3 Ba5 15.Bb5 Rhc8+ 16.Kb1 Nf8 17.f3 a6 18.Ba4 b5 19.Bb3 Nd7 20.Rd6 Nf8
21.Rhd1 Rd8 22.Rxd8 Rxd8 23.Nc5 Rxd1+ 24.Bxd1 Bc7 25.Nxa6 Bxh2 26.Be2 h6 
27.Bd2 Ng6 28.Bxb5 Nh4 29.Bf1 Nh5 30.Kc2 g5 31.Be1 Bg3 32.Kd1 Nf5 33.Bd2 
Nf4 34.Nc5 Nd5 35.a4 Bf2 36.Ne4 Bd4 37.b3 Kd7 38.Ke1 Kc6 39.b4 Nfe3 40.b5+
Kb7 41.g3 g4 42.fxg4 Nxg4 43.a5 h5 44.Ke2 Be5 45.Bg2 Ka7 46.Bf3 Bc7 47.Be1
Kb7 48.Nc5+ Ka7 49.Nxe6 Bxa5 50.Bxa5 Ngf6 51.Kd3 Nb6 52.Nf4 Nbd7 53.Kd4 
Ng8 54.Nxh5 Ne7 55.Be4 1-0

[Event "26th EUR-ch"]
[Site "Katowice POL"]
[Date "2026.04.07"]
[Round "1.197"]
[White "Walaszczyk, Aleksander"]
[Black "Holtel, Jasper"]
[Result "1/2-1/2"]
[WhiteElo "1879"]
[BlackElo "2370"]
[EventDate "2026.04.07"]
[PlyCount "103"]

1.e4 c6 2.d4 d5 3.e5 c5 4.Nf3 cxd4 5.Qxd4 Nc6 6.Qf4 e6 7.Bd3 Nb4 8.Bd2 
Nxd3+ 9.cxd3 Ne7 10.Nc3 Bd7 11.h4 h5 12.a4 Nf5 13.Ne2 Qb6 14.Bc3 Qa6 15.
Kd2 Qb6 16.Ned4 Bb4 17.a5 Bxc3+ 18.bxc3 Qc5 19.Rhb1 Rc8 20.Rb3 O-O 21.Ke2 
Nxd4+ 22.Qxd4 Bb5 23.Qxc5 Rxc5 24.Nd4 Ba6 25.f4 Rfc8 26.Raa3 Kf8 27.Ke3 
Ke7 28.Nc2 f6 29.Nb4 R5c7 30.Nxa6 bxa6 31.g3 fxe5 32.fxe5 Rf8 33.Ra1 Kd7 
34.Rab1 Rf5 35.Kd4 Rf3 36.Rg1 Kc8 37.Rb4 g6 38.Rg2 Kd7 39.Rb8 Rc8 40.Rb7+ 
Rc7 41.Rb8 Rc8 42.Rxc8 Kxc8 43.Kc5 Kc7 44.Rd2 Rf1 45.c4 dxc4 46.dxc4 Re1 
47.Kd4 Kc6 48.Rd3 Re2 49.Rf3 Rd2+ 50.Rd3 Re2 51.Rf3 Rd2+ 52.Rd3 1/2-1/2

[Event "26th EUR-ch"]
[Site "Katowice POL"]
[Date "2026.04.07"]
[Round "1.198"]
[White "Godart, Francois"]
[Black "Duda, Aleksandra"]
[Result "1-0"]
[WhiteElo "2369"]
[BlackElo "1878"]
[EventDate "2026.04.07"]
[PlyCount "111"]

1.e4 c5 2.Nf3 Nc6 3.Bb5 d6 4.O-O Bd7 5.Re1 g6 6.c3 Bg7 7.d4 cxd4 8.cxd4 a6
9.Ba4 Nf6 10.e5 dxe5 11.dxe5 Ng4 12.Bf4 Qb6 13.Qe2 O-O 14.Nc3 Be6 15.h3 
Nh6 16.Bxc6 Qxc6 17.g4 Kh8 18.Nd4 Qc4 19.Qe3 Ng8 20.b3 Qb4 21.a3 Qb6 22.
Na4 Qa5 23.Rac1 Rac8 24.Nxe6 fxe6 25.Nc5 Qb6 26.b4 Rfd8 27.g5 Rd5 28.h4 
Rf8 29.Bg3 Rf5 30.f4 Rf8 31.Na4 Qd8 32.Nc5 Qb6 33.Kh2 Rfd8 34.Rc2 Rc8 35.
Rec1 Qb5 36.Bf2 b6 37.Nxe6 Rxc2 38.Rxc2 Rd1 39.Rc1 Rd3 40.Qxb6 Qd5 41.Qc6 
Qa2 42.Rc2 Qxa3 43.Qe4 Rb3 44.Nxg7 Kxg7 45.e6 h6 46.f5 gxf5 47.Qxf5 Qxb4 
48.Bg3 Rxg3 49.Kxg3 Qb3+ 50.Kg2 Qb7+ 51.Qf3 Qb6 52.Qe4 hxg5 53.hxg5 Qb5 
54.Kh2 Qb8+ 55.Kh3 Qb5 56.Rf2 1-0

[Event "26th EUR-ch"]
[Site "Katowice POL"]
[Date "2026.04.07"]
[Round "1.199"]
[White "Kaplanova, Dominika"]
[Black "Mkrtchian, Mariam"]
[Result "0-1"]
[WhiteElo "1869"]
[BlackElo "2368"]
[EventDate "2026.04.07"]
[PlyCount "108"]

1.d4 d5 2.c4 e6 3.Nf3 Nd7 4.g3 dxc4 5.Qa4 a6 6.Qxc4 c5 7.Bg2 b5 8.Qd3 Bb7 
9.O-O Ngf6 10.b3 Nb6 11.Nbd2 Rc8 12.dxc5 Qxd3 13.exd3 Bxc5 14.Bb2 O-O 15.
Rac1 Nbd7 16.d4 Bb4 17.a3 Bxd2 18.Nxd2 Bxg2 19.Kxg2 a5 20.Bc3 Ra8 21.Nf3 
Nd5 22.Ne5 Nxe5 23.dxe5 b4 24.Bd4 bxa3 25.Ra1 Rfb8 26.Rxa3 Rb5 27.Rc1 g5 
28.Rc5 Rab8 29.Rxa5 Rxb3 30.Rc4 Kg7 31.Ra7 Kg6 32.Rd7 R3b4 33.Rxb4 Rxb4 
34.Bc5 Rc4 35.Bd6 g4 36.Ra7 Rc2 37.Kf1 h5 38.Ra4 Nc3 39.Rc4 Rc1+ 40.Kg2 
Ne2 41.Rxc1 Nxc1 42.f4 Kf5 43.Kf2 Ke4 44.Ba3 Nb3 45.Be7 Kd3 46.h3 Nd2 47.
hxg4 hxg4 48.Bd8 Ne4+ 49.Kg2 Ke2 50.Bb6 Nc3 51.Bf2 Nd1 52.Bc5 Ne3+ 53.Kh1 
Kf3 54.Kg1 Nf5 0-1

[Event "26th EUR-ch"]
[Site "Katowice POL"]
[Date "2026.04.07"]
[Round "1.200"]
[White "Aslanov, Umid"]
[Black "Zelak, Wladyslaw"]
[Result "1-0"]
[WhiteElo "2368"]
[BlackElo "1866"]
[EventDate "2026.04.07"]
[PlyCount "69"]

1.e4 e5 2.Nf3 Nc6 3.Bc4 Nf6 4.d3 h6 5.O-O d6 6.a4 g6 7.c3 Bg7 8.a5 O-O 9.
a6 b6 10.b4 Re8 11.Qb3 Be6 12.Bxe6 Rxe6 13.c4 Re8 14.Nc3 Ne7 15.Nd5 Nfxd5 
16.cxd5 c5 17.dxc6 Nxc6 18.b5 Na5 19.Qd5 Qd7 20.Bd2 Rac8 21.Bxa5 bxa5 22.
Rxa5 Rc5 23.Qb3 Rb8 24.Rb1 d5 25.h3 d4 26.Nd2 Bf6 27.Qb4 Be7 28.Nc4 Qc7 
29.Ra2 Kg7 30.b6 axb6 31.a7 Ra8 32.Qxb6 Bd8 33.Qb8 Qc8 34.Qxa8 Qxa8 35.Rb8
1-0

[Event "26th EUR-ch"]
[Site "Katowice POL"]
[Date "2026.04.07"]
[Round "1.201"]
[White "Pyrek, Marcin"]
[Black "Goroskov, Maksim"]
[Result "1/2-1/2"]
[WhiteElo "1855"]
[BlackElo "2364"]
[EventDate "2026.04.07"]
[PlyCount "83"]

1.d4 d5 2.c4 e6 3.Nc3 Nf6 4.cxd5 exd5 5.Bg5 c6 6.e3 Be6 7.Bd3 Nbd7 8.Nge2 
h6 9.Bh4 g5 10.Bg3 Nh5 11.h4 Nxg3 12.Nxg3 gxh4 13.Nf5 Bxf5 14.Bxf5 Qg5 15.
Qf3 O-O-O 16.Qh3 Rg8 17.Kf1 Bb4 18.Nxd5 cxd5 19.Rc1+ Kb8 20.Bxd7 f5 21.
Bxf5 Rgf8 22.Bg4 Bd2 23.Rd1 Qxe3 24.Qxe3 Bxe3 25.Bf3 Bg5 26.Ke2 Rf4 27.Rd3
Rc8 28.Rc3 Rxd4 29.Rxc8+ Kxc8 30.Rd1 Rc4 31.Bxd5 Rc2+ 32.Kf3 Rxb2 33.Rd3 
b6 34.Be6+ Kb7 35.Rc3 a5 36.Bd5+ Ka6 37.a4 b5 38.Rc6+ Ka7 39.Rc7+ Kb6 40.
Rc6+ Ka7 41.Rc7+ Kb6 42.Rc6+ 1/2-1/2

[Event "26th EUR-ch"]
[Site "Katowice POL"]
[Date "2026.04.07"]
[Round "1.202"]
[White "Luczak, Filip"]
[Black "Marcos Herrero, Francisco"]
[Result "1-0"]
[WhiteElo "2362"]
[BlackElo "1854"]
[EventDate "2026.04.07"]
[PlyCount "45"]

1.d4 Nf6 2.Bf4 d5 3.e3 c5 4.Nc3 e6 5.Nb5 Na6 6.a4 Be7 7.h3 O-O 8.Nf3 Bd7 
9.c3 Ne4 10.Bd3 f5 11.Ne5 c4 12.Bxe4 fxe4 13.O-O Be8 14.b3 cxb3 15.Qxb3 
Bc6 16.f3 g5 17.Bg3 exf3 18.Nxf3 Qb6 19.e4 Rad8 20.Rae1 Bf6 21.Ne5 Nb8 22.
Ng4 Nd7 23.Nxf6+ 1-0

[Event "26th EUR-ch"]
[Site "Katowice POL"]
[Date "2026.04.07"]
[Round "1.203"]
[White "Pietrzak, Wojciech"]
[Black "Perossa, Nicolas"]
[Result "0-1"]
[WhiteElo "1854"]
[BlackElo "2362"]
[EventDate "2026.04.07"]
[PlyCount "48"]

1.e4 e5 2.Nf3 Nc6 3.Bb5 a6 4.Ba4 d6 5.c4 Bd7 6.Nc3 g6 7.d4 Bg7 8.d5 Nce7 
9.b4 h6 10.g4 c6 11.dxc6 Nxc6 12.Bxc6 Bxc6 13.Qd3 Nf6 14.b5 Bd7 15.Qxd6 
Bxg4 16.Qxe5+ Be6 17.bxa6 O-O 18.axb7 Rb8 19.Qb5 Qd3 20.Nd2 Qxc3 21.Bb2 
Qd3 22.O-O-O Qd7 23.Qxd7 Nxd7 24.Ba3 Rfe8 0-1

[Event "26th EUR-ch"]
[Site "Katowice POL"]
[Date "2026.04.07"]
[Round "1.204"]
[White "Plichta, Kamil"]
[Black "Zieba, Franciszek"]
[Result "1-0"]
[WhiteElo "2361"]
[BlackElo "1846"]
[EventDate "2026.04.07"]
[PlyCount "59"]

1.c4 e5 2.Nc3 Nf6 3.Nf3 Nc6 4.e3 Bb4 5.Qc2 O-O 6.Nd5 Bd6 7.Ng5 g6 8.Nxf6+ 
Qxf6 9.Ne4 Qe6 10.Nxd6 Qxd6 11.a3 a5 12.b3 Re8 13.Be2 Qe7 14.Bb2 d6 15.O-O
Bf5 16.Qc3 h5 17.f4 Qd7 18.h3 Kh7 19.Rf2 Rg8 20.Raf1 e4 21.g4 Be6 22.Kh2 
f5 23.Rg1 Qf7 24.Rfg2 h4 25.gxf5 Bxf5 26.d3 Rae8 27.Qe1 Qe7 28.Rg5 Rg7 29.
Rxf5 Ne5 30.Bxe5 1-0

[Event "26th EUR-ch"]
[Site "Katowice POL"]
[Date "2026.04.07"]
[Round "1.205"]
[White "Trybus, Dominika"]
[Black "Bettalli, Francesco"]
[Result "0-1"]
[WhiteElo "1841"]
[BlackElo "2358"]
[EventDate "2026.04.07"]
[PlyCount "110"]

1.e4 c5 2.Nf3 Nc6 3.Bb5 e5 4.O-O Bd6 5.c3 a6 6.Be2 Nf6 7.d3 O-O 8.Be3 Be7 
9.c4 d6 10.Nc3 Ne8 11.Nd2 Bg5 12.Nd5 Rb8 13.Bg4 g6 14.Bxc8 Rxc8 15.Qg4 Bf6
16.Bh6 Bg7 17.Bxg7 Nxg7 18.f4 f5 19.Qh3 Nd4 20.fxe5 dxe5 21.Nf3 Qd6 22.Ng5
h5 23.Rae1 Rce8 24.Nf3 Nxf3+ 25.gxf3 f4 26.Qg2 Kh7 27.Qg5 Rf7 28.Kh1 Qd8 
29.Rg1 Qxg5 30.Rxg5 Kh6 31.Reg1 Re6 32.a3 Ne8 33.b4 cxb4 34.axb4 Nd6 35.
R5g2 Rg7 36.h4 Nf7 37.Rb1 g5 38.hxg5+ Nxg5 39.b5 axb5 40.Rxb5 Ra6 41.Rf2 
Ne6 42.Rg2 Rxg2 43.Kxg2 Ra2+ 44.Kf1 Nd4 45.Rxb7 Nxf3 46.c5 h4 47.Rb8 Rc2 
48.Rb6+ Kg5 49.Ne7 h3 50.Rg6+ Kh5 51.Rg8 h2 52.Rh8+ Kg4 53.Nf5 Rc1+ 54.Kg2
Rg1+ 55.Kf2 h1=N+ 0-1

[Event "26th EUR-ch"]
[Site "Katowice POL"]
[Date "2026.04.07"]
[Round "1.206"]
[White "Beydullayeva, Govhar"]
[Black "Wojtowicz, Marek"]
[Result "1-0"]
[WhiteElo "2358"]
[BlackElo "1836"]
[EventDate "2026.04.07"]
[PlyCount "67"]

1.d4 Nf6 2.c4 d6 3.Nf3 Nbd7 4.Nc3 e5 5.e4 Be7 6.Be2 O-O 7.O-O Re8 8.Qc2 c6
9.Be3 Qc7 10.h3 a6 11.d5 a5 12.Nd2 Nc5 13.a3 Bd7 14.b3 Rec8 15.Rfc1 Qd8 
16.Qb2 Be8 17.b4 axb4 18.axb4 Na6 19.dxc6 bxc6 20.c5 Nc7 21.Na4 Rcb8 22.
cxd6 Bxd6 23.Nc5 Rxa1 24.Rxa1 Nb5 25.Ndb3 Qe7 26.Bxb5 cxb5 27.Ra6 Nd7 28.
Ra7 Qd8 29.Na5 Nb6 30.Qa2 Ra8 31.Nab7 Rxa7 32.Qxa7 Qb8 33.Qxb6 Qc7 34.Qa7 
1-0

[Event "26th EUR-ch"]
[Site "Katowice POL"]
[Date "2026.04.07"]
[Round "1.207"]
[White "Karpov, Vladyslav"]
[Black "Morkunas, Gustas"]
[Result "0-1"]
[WhiteElo "1828"]
[BlackElo "2350"]
[EventDate "2026.04.07"]
[PlyCount "56"]

1.Nf3 d5 2.g3 Nd7 3.d4 Nb6 4.Bg2 Bf5 5.O-O e6 6.Nbd2 Nf6 7.Ne5 Be7 8.c4 c6
9.Qb3 O-O 10.c5 Nbd7 11.f4 Qc7 12.Qc3 a5 13.a4 b6 14.cxb6 Qxb6 15.Kh1 c5 
16.Nxd7 Nxd7 17.Nf3 Rfc8 18.dxc5 Bxc5 19.Qe1 Nf6 20.Ne5 Bb4 21.Qf2 Qxf2 
22.Rxf2 Rc2 23.Bf3 Ne4 24.Rf1 Bh3 25.Bg2 Bxg2+ 26.Kxg2 Rxe2+ 27.Kh3 Rc8 
28.Nf3 Rcc2 0-1

[Event "26th EUR-ch"]
[Site "Katowice POL"]
[Date "2026.04.07"]
[Round "1.208"]
[White "Zielonka, Adam"]
[Black "Wesolowski, Jeremi"]
[Result "1-0"]
[WhiteElo "2350"]
[BlackElo "1828"]
[EventDate "2026.04.07"]
[PlyCount "53"]

1.e4 e5 2.Nf3 Nc6 3.Bb5 a6 4.Ba4 Nf6 5.O-O d6 6.Re1 b5 7.Bb3 Be7 8.c3 O-O 
9.h3 Na5 10.Bc2 c5 11.d4 cxd4 12.cxd4 exd4 13.Nxd4 Re8 14.Nc3 Bb7 15.Nf5 
Bf8 16.Bg5 h6 17.Bh4 g6 18.e5 g5 19.exf6 Rxe1+ 20.Qxe1 gxh4 21.Ne7+ Bxe7 
22.fxe7 Qd7 23.Qe3 Qe6 24.Qb6 Qxe7 25.Qxa5 d5 26.Qb6 Kg7 27.Qd4+ 1-0

[Event "26th EUR-ch"]
[Site "Katowice POL"]
[Date "2026.04.07"]
[Round "1.209"]
[White "Rudowski, Szymon"]
[Black "Suleymanli, Suleyman"]
[Result "0-1"]
[WhiteElo "1809"]
[BlackElo "2348"]
[EventDate "2026.04.07"]
[PlyCount "84"]

1.e4 e6 2.d4 d5 3.Nc3 Bb4 4.e5 c5 5.a3 Bxc3+ 6.bxc3 Ne7 7.h4 Qc7 8.h5 h6 
9.Rb1 Nbc6 10.Qg4 Rg8 11.Bd3 c4 12.Bh7 Nxe5 13.Qg3 Nd3+ 14.cxd3 Qxg3 15.
fxg3 Rh8 16.Be4 dxe4 17.dxe4 f5 18.Nf3 fxe4 19.Nd2 Nf5 20.Nxe4 b6 21.g4 
Bb7 22.gxf5 Bxe4 23.Rb4 Bd3 24.fxe6 Rf8 25.Rb5 Rf6 26.Re5 Ke7 27.g3 Rxe6 
28.Bf4 Rf8 29.Rxe6+ Kxe6 30.Be5 Rf7 31.Rh4 Rf1+ 32.Kd2 Rf2+ 33.Ke3 Re2+ 
34.Kf3 Rc2 35.Bxg7 Kd5 36.Bxh6 Rxc3 37.Bf8 Be4+ 38.Ke2 Rxg3 39.h6 c3 40.h7
c2 41.Rh5+ Kc4 42.h8=Q c1=Q 0-1

[Event "26th EUR-ch"]
[Site "Katowice POL"]
[Date "2026.04.07"]
[Round "1.210"]
[White "Vijayakumar, Rishi"]
[Black "Was, Stanislaw"]
[Result "1-0"]
[WhiteElo "2347"]
[BlackElo "1806"]
[EventDate "2026.04.07"]
[PlyCount "43"]

1.Nf3 d5 2.d4 Nd7 3.c4 e6 4.Nc3 Ngf6 5.Qc2 b6 6.cxd5 exd5 7.Nxd5 Nxd5 8.
Qe4+ Ne5 9.Qxe5+ Be6 10.e4 Nb4 11.d5 Be7 12.Qc3 Bd7 13.a3 a5 14.Bd2 Na6 
15.Bxa6 Rxa6 16.Qxg7 Bf6 17.Qg3 Bb5 18.Bg5 Qe7 19.Bxf6 Qxe4+ 20.Kd2 Qd3+ 
21.Kc1 Ba4 22.Re1+ 1-0

[Event "26th EUR-ch"]
[Site "Katowice POL"]
[Date "2026.04.07"]
[Round "1.211"]
[White "Biela, Jan"]
[Black "Atoyan, Alberto"]
[Result "0-1"]
[WhiteElo "1805"]
[BlackElo "2342"]
[EventDate "2026.04.07"]
[PlyCount "74"]

1.e4 c5 2.Nf3 d6 3.Bb5+ Nd7 4.O-O a6 5.Bd3 Ngf6 6.c3 b5 7.Bc2 Bb7 8.Re1 c4
9.d4 cxd3 10.Bxd3 Nc5 11.Qc2 g6 12.Nbd2 Nxd3 13.Qxd3 Bg7 14.Nf1 O-O 15.Ng3
Rc8 16.Be3 Qc7 17.Bd4 e5 18.Be3 d5 19.exd5 Nxd5 20.Qe2 f5 21.Bd2 Rce8 22.
a4 Nf4 23.Bxf4 exf4 24.Qxe8 Rxe8 25.Rxe8+ Kf7 26.Rae1 Bxf3 27.gxf3 fxg3 
28.hxg3 bxa4 29.R1e2 Bf8 30.Kg2 a3 31.bxa3 Bxa3 32.R8e3 a5 33.Rd3 Be7 34.
Kf1 a4 35.Ke1 a3 36.Kd1 Qc4 37.Rd7 Qa4+ 0-1

[Event "26th EUR-ch"]
[Site "Katowice POL"]
[Date "2026.04.07"]
[Round "1.212"]
[White "Yeritsian, Hayk"]
[Black "Panasiuk, Piotr"]
[Result "1-0"]
[WhiteElo "2342"]
[BlackElo "1787"]
[EventDate "2026.04.07"]
[PlyCount "85"]

1.e4 c5 2.Nf3 d6 3.c3 Nf6 4.h3 e6 5.Bd3 Nc6 6.O-O Be7 7.Bc2 O-O 8.Re1 d5 
9.e5 Nd7 10.d4 f6 11.exf6 Nxf6 12.Nbd2 cxd4 13.cxd4 Bd6 14.Nf1 h6 15.a3 
Qc7 16.Be3 Bd7 17.Rc1 Rad8 18.Ne5 Qb8 19.f4 Be8 20.Ng3 Ne7 21.Rf1 Rc8 22.
Ng4 Bg6 23.Bxg6 Rxc1 24.Bxc1 Nxg6 25.Nxf6+ Rxf6 26.Nh5 Rf7 27.Qg4 Nf8 28.
f5 exf5 29.Rxf5 Qc7 30.Rxf7 Qxf7 31.Bxh6 Ne6 32.Be3 Bf8 33.Nf4 Nxf4 34.
Bxf4 b5 35.Be5 b4 36.axb4 Bxb4 37.Qc8+ Kh7 38.Qc7 Qg6 39.Qxa7 Bd2 40.Qd7 
Be3+ 41.Kh2 Bf2 42.Qg4 Qf7 43.Qf3 1-0

[Event "26th EUR-ch"]
[Site "Katowice POL"]
[Date "2026.04.07"]
[Round "1.213"]
[White "Zielinski, Marcin"]
[Black "Dubnevych, Maksym"]
[Result "0-1"]
[WhiteElo "1784"]
[BlackElo "2341"]
[EventDate "2026.04.07"]
[PlyCount "134"]

1.d4 d5 2.c4 dxc4 3.Nf3 Nf6 4.e3 e6 5.Bxc4 c5 6.O-O Qc7 7.b3 Be7 8.Bb2 O-O
9.Nbd2 Nc6 10.dxc5 Bxc5 11.a3 Be7 12.Rc1 Bd7 13.b4 a6 14.Qb3 Rad8 15.Rfd1 
Qb8 16.h3 h6 17.Be2 Be8 18.Nc4 Nd5 19.Nfe5 Na7 20.Nd3 f6 21.e4 Nc7 22.Nc5 
Bc6 23.Na5 Bxc5 24.Rxc5 Kh8 25.Nxc6 Nxc6 26.Rcc1 e5 27.Rxd8 Qxd8 28.Rd1 
Qe7 29.Bc4 Nb5 30.Bxb5 axb5 31.Rd5 Rd8 32.Qd3 Rxd5 33.exd5 Na7 34.Qe3 Nc8 
35.Qc5 Qd7 36.Bc1 Ne7 37.d6 Nc8 38.Qc7 Qxc7 39.dxc7 Kg8 40.f4 exf4 41.Bxf4
Kf7 42.Kf2 Ke6 43.Ke3 Kd5 44.Kd3 g5 45.Bh2 f5 46.h4 gxh4 47.Bf4 h5 48.Bg5 
Kc6 49.Bd8 Kd7 50.Kd4 Nd6 51.Ke5 Nc4+ 52.Kf4 Nxa3 53.Kxf5 Nc2 54.Kg5 Nxb4 
55.Kxh4 Nd5 56.Bg5 b4 57.Kxh5 b3 58.Bc1 Nf4+ 59.Kh6 Nd3 60.c8=Q+ Kxc8 61.
Ba3 b2 62.Bxb2 Nxb2 63.g4 Nd3 64.g5 Nf4 65.g6 Ne6 66.g7 Nxg7 67.Kxg7 b5 
0-1

[Event "26th EUR-ch"]
[Site "Katowice POL"]
[Date "2026.04.07"]
[Round "1.214"]
[White "Kaczmarek, Aleksander"]
[Black "Hrckova, Anna"]
[Result "1/2-1/2"]
[WhiteElo "2340"]
[BlackElo "1778"]
[EventDate "2026.04.07"]
[PlyCount "74"]

1.e4 e6 2.d4 d5 3.e5 c5 4.c3 Nc6 5.Nf3 Bd7 6.Bd3 cxd4 7.O-O dxc3 8.Nxc3 
Nge7 9.Bg5 a6 10.Bh4 Qb6 11.a3 Ng6 12.Bg3 Rc8 13.h4 Nge7 14.Qe2 Na5 15.Ng5
h6 16.Nh7 Nc4 17.Nxf8 Rxf8 18.Rab1 Nc6 19.Bxc4 Nd4 20.Qe3 Rxc4 21.Ne2 
Nxe2+ 22.Qxe2 Bb5 23.Qf3 Ke7 24.b3 Rc2 25.Rfe1 Rfc8 26.a4 Bd7 27.Kh2 Qb4 
28.Re3 Bxa4 29.Bf4 Bd7 30.Qg4 a5 31.Rf3 R8c3 32.Rxc3 Rxc3 33.h5 Qe4 34.Ra1
b6 35.Qh4+ Ke8 36.f3 Qf5 37.Rc1 Rxc1 1/2-1/2

[Event "26th EUR-ch"]
[Site "Katowice POL"]
[Date "2026.04.07"]
[Round "1.215"]
[White "Stawecki, Bartlomiej"]
[Black "Csiki, Endre"]
[Result "0-1"]
[WhiteElo "1776"]
[BlackElo "2339"]
[EventDate "2026.04.07"]
[PlyCount "76"]

1.e4 c5 2.Nf3 d6 3.d4 cxd4 4.Nxd4 Nf6 5.Nc3 a6 6.Bg5 e6 7.f4 Be7 8.Qf3 Qc7
9.O-O-O Nbd7 10.g4 b5 11.Bxf6 Nxf6 12.g5 Nd7 13.f5 Bxg5+ 14.Kb1 Ne5 15.Qh5
Bf6 16.Nxe6 Bxe6 17.fxe6 O-O 18.Nd5 Qd8 19.Bh3 fxe6 20.Bxe6+ Kh8 21.h4 Qe8
22.Nxf6 Rxf6 23.Qxe8+ Rxe8 24.Bd5 Re7 25.a4 h5 26.axb5 axb5 27.Rd4 Rc7 28.
Rb4 Rc5 29.Rb3 Rf2 30.c3 Kh7 31.Ra3 Nd3 32.b4 Rc7 33.Rg1 Nf4 34.Rg5 g6 35.
Ra6 Ne2 36.Rc6 Nxc3+ 37.Kc1 Ra7 38.Rxc3 Ra1# 0-1